Risk analysis and its applications

Bibliographic Details
Main Author: Hertz, David B.
Other Authors: Thomas, Howard
Format: Book
Published: Chichester : Wiley , 1983
Subjects:

MARC

LEADER 00000cam a2200000 7i4500
001 0000004152
005 20050429.0
020 |a 0471101451 
040 |a INS 
090 0 0 |a HD61.   |b H42 1983 
100 1 |a Hertz, David B. 
245 1 0 |a Risk analysis and its applications   |c David B. Hertz and Howard Thomas 
260 |a Chichester :   |b Wiley ,   |c 1983 
300 |a xv, 323p ;   |c 24 cm. 
650 0 0 |a Capital investments   |x Evaluation 
650 0 0 |a Decision-making 
650 0 0 |a Risk 
700 1 |a Thomas, Howard 
999 |a 0000000036   |b BOOK   |c Open Shelf   |e Default branch